00601nam a2200217Ia 4500003000400000005001700004008004100021020001900062040000700081041000800088082001100096100002000107245003100127260002100158300000900179650002500188700002700213942001300240999001900253952011100272OSt20260211124656.0250729s1963 xx 000 0 und d a978-1015266179 cAL aeng a030 EI aGrovier9228779 aEncyclopedia international aCanada,USAc1963 a552p aEncyclopedia9228780 aRao Digumurthi9228781 2ddccBED c238111d238111 00104070aALbALd2025-07-29eManagement Booksl0o030 EIpBED03430r2025-07-29 16:56:24w2025-07-29yBK